The principles of harmony and contrast of colours, and their application to the arts /

Bibliographic Details
Main Author: Chevreul, M. E. (Michel Eugène), 1786-1889
Format: Book
Language:English
Published: London : Longman, Brown, Green, and Longmans, 1855.
Edition:2nd ed.
Subjects:

MARC

Tag First Indicator Second Indicator Subfields
LEADER 00000cam a2200000 a 4500
001 in00000099142
005 20150924155935.0
008 820422s1855 enkaf 00010 eng d
035 |a (OCoLC)08361964 
035 |9 AAL0015AM 
040 |a SUC  |c SUC  |d TXA  |d UtOrBLW 
041 1 |a eng  |h fre 
049 |a TXAM  |c [802627] 
090 |a ND1280  |b .C57 1855 
100 1 |a Chevreul, M. E.  |q (Michel Eugène),  |d 1786-1889. 
240 1 0 |a De la loi du contraste simultané des couleurs.  |l English 
245 1 4 |a The principles of harmony and contrast of colours, and their application to the arts /  |c by M.E. Chevreul ; translated from the French by Charles Martel. 
250 |a 2nd ed. 
264 1 |a London :  |b Longman, Brown, Green, and Longmans,  |c 1855. 
300 |a xxvii, 403 pages, 5 unnumbered leaves of plates (1 folded) :  |b illustrations ;  |c 19 cm. 
336 |a text  |b txt  |2 rdacontent 
337 |a unmediated  |b n  |2 rdamedia 
338 |a volume  |b nc  |2 rdacarrier 
500 |a Translation of: De la loi du contraste simultane des couleurs. 
500 |a Spine title: Chevreul on colour. 
650 0 |a Color. 
740 0 |a Chevreul on colour. 
999 |a MARS 
999 f f |s 0e2d271c-1482-3a83-a3c2-df64a54623d5  |i 581159c3-d326-3e34-90e3-820d428a4a6b  |t 0 
952 f f |p normal  |a Texas A&M University  |b College Station  |c Sterling C. Evans Library  |d Evans: Library Stacks  |t 0  |e ND1280 .C57 1855  |h Library of Congress classification  |i unmediated -- volume  |m A14806270846 
998 f f |a ND1280 .C57 1855  |t 0  |l Evans: Library Stacks